Portraits of the mind : (Record no. 1191)

000 -LEADER
fixed length control field 03111nam a22004457a 4500
001 - CONTROL NUMBER
control field 16098422
003 - CONTROL NUMBER IDENTIFIER
control field OSt
005 - DATE AND TIME OF LATEST TRANSACTION
control field 20210426114957.0
008 - FIXED-LENGTH DATA ELEMENTS--GENERAL INFORMATION
fixed length control field 100219s2010 nyua b 001 0 eng
010 ## - LIBRARY OF CONGRESS CONTROL NUMBER
LC control number 2010005999
015 ## - NATIONAL BIBLIOGRAPHY NUMBER
National bibliography number GBB083892
Source bnb
016 7# - NATIONAL BIBLIOGRAPHIC AGENCY CONTROL NUMBER
Record control number 015600590
Source Uk
016 7# - NATIONAL BIBLIOGRAPHIC AGENCY CONTROL NUMBER
Record control number 101548404
Source DNLM
020 ## - INTERNATIONAL STANDARD BOOK NUMBER
International Standard Book Number 9780810990333 (alk. paper)
020 ## - INTERNATIONAL STANDARD BOOK NUMBER
International Standard Book Number 0810990334 (alk. paper)
035 ## - SYSTEM CONTROL NUMBER
System control number (OCoLC)ocn505419613
040 ## - CATALOGING SOURCE
Original cataloging agency DLC
Transcribing agency DLC
Modifying agency YDX
-- BTCTA
-- YDXCP
-- UKM
-- VVK
-- ERASA
-- CDX
-- NLM
-- MOF
-- YHM
-- OBE
-- QQ3
-- DLC
050 00 - LIBRARY OF CONGRESS CALL NUMBER
Classification number QM455
Item number .S35 2010
060 00 - NATIONAL LIBRARY OF MEDICINE CALL NUMBER
Classification number 2010 M-169
060 10 - NATIONAL LIBRARY OF MEDICINE CALL NUMBER
Classification number WL 17
080 ## - UNIVERSAL DECIMAL CLASSIFICATION NUMBER
Universal Decimal Classification number 61
Item number S-36
082 00 - DEWEY DECIMAL CLASSIFICATION NUMBER
Classification number 612.8/2
Edition number 22
100 1# - MAIN ENTRY--PERSONAL NAME
Personal name Schoonover, Carl E.
245 10 - TITLE STATEMENT
Title Portraits of the mind :
Remainder of title visualizing the brain from antiquity to the 21st century /
Statement of responsibility, etc. Carl Schoonover ; foreword by Jonah Lehrer.
260 ## - PUBLICATION, DISTRIBUTION, ETC.
Place of publication, distribution, etc. New York :
Name of publisher, distributor, etc. Abrams,
Date of publication, distribution, etc. 2010.
300 ## - PHYSICAL DESCRIPTION
Extent 239 p. :
Other physical details ill. (chiefly col.) ;
Dimensions 25 cm.
504 ## - BIBLIOGRAPHY, ETC. NOTE
Bibliography, etc. note Includes bibliographical references (p. 229) and index.
505 0# - FORMATTED CONTENTS NOTE
Formatted contents note Early history : from Galen to Golgi / essay by Nicholas Wade -- The birth of modern neuroscience : Santiago Ramón y Cajal / essay by Javier DeFelipe -- After Cajal : from black and white to color / essay by Joshua R. Sanes -- Breaking the diffraction barrier : from cells to molecules / essay by Maryann E. Martone and Mark H. Ellisman -- Electricity in the brain / essay based on an interview with Michael Goldberg -- The brain as circuit / essay by Terrence Sejnowski -- From brain structure to brain function / essay by Joy Hirsch.
520 ## - SUMMARY, ETC.
Summary, etc. Follows the history of our exploration of the brain through images, from medieval sketches and 19th-century drawings by the founder of modern neuroscience to images produced using state-of-the-art techniques, allowing us to see the fantastic networks in the brain as never before. These black-and-white and vibrantly colored images, many resembling abstract art, are employed daily by scientists around the world, but most have never before been seen by the general public. Each chapter addresses a different set of techniques for studying the brain as revealed through the images, and each is introduced by a leading scientist in that field of study. Author Carl Schoonover{u2019}s captions provide detailed explanations of each image as well as the major insights gained by scientists over the course of the past 20 years. Accessible to a wide audience, this book reveals the elegant methods applied to study the mind, giving readers a peek at its innermost workings, helping us to understand them, and offering clues about what may lie ahead.
650 #0 - SUBJECT ADDED ENTRY--TOPICAL TERM
Topical term or geographic name entry element Brain
General subdivision Anatomy
Form subdivision Atlases.
650 #0 - SUBJECT ADDED ENTRY--TOPICAL TERM
Topical term or geographic name entry element Brain
General subdivision Imaging.
650 12 - SUBJECT ADDED ENTRY--TOPICAL TERM
Topical term or geographic name entry element Brain
General subdivision anatomy & histology
Form subdivision Atlases.
650 12 - SUBJECT ADDED ENTRY--TOPICAL TERM
Topical term or geographic name entry element Brain
General subdivision anatomy & histology
Form subdivision Essays.
650 12 - SUBJECT ADDED ENTRY--TOPICAL TERM
Topical term or geographic name entry element Neurosciences
General subdivision history
Form subdivision Atlases.
650 12 - SUBJECT ADDED ENTRY--TOPICAL TERM
Topical term or geographic name entry element Neurosciences
General subdivision history
Form subdivision Essays.
653 ## - INDEX TERM--UNCONTROLLED
Uncontrolled term მედიცინა
906 ## - LOCAL DATA ELEMENT F, LDF (RLIN)
a 7
b cbc
c orignew
d 1
e ecip
f 20
g y-gencatlg
942 ## - ADDED ENTRY ELEMENTS (KOHA)
Source of classification or shelving scheme
Koha item type Books
Holdings
Withdrawn status Lost status Source of classification or shelving scheme Damaged status Not for loan Permanent location Current location Date acquired Inventory number Total Checkouts Full call number Barcode Date last seen Price effective from Koha item type
          Ken Walker International University Ken Walker International University 02/04/2021 697   61 S-36 697 02/04/2021 02/04/2021 Books

Powered by Koha